[Event "COL-ch rapid (Women)"]
[Site "Quibdo"]
[Date "2015.11.09"]
[Round "3"]
[White "Santos Morales, Natalia Andrea"]
[Black "Franco Valencia, Angela Maria"]
[Result "0-1"]
[WhiteElo "2086"]
[BlackElo "2212"]
[PlyCount "50"]
[EventDate "2015.11.09"]
[EventType "swiss (rapid)"]
[EventRounds "9"]
[EventCountry "COL"]
[SourceTitle "CBM 169 Extra"]
[Source "ChessBase"]
[SourceDate "2015.12.18"]
[SourceVersion "1"]
[SourceVersionDate "2015.12.18"]
[SourceQuality "1"]

1. e4 e5 2. Nf3 Nc6 3. Bc4 Bc5 4. c3 Nf6 5. d3 d6 6. 0-0 a6 7. b4 Ba7 8. Qb3 0-0 9. Bg5 h6 10. Bh4 g5 11. Nxg5 hxg5 12. Bxg5 Kg7 13. Kh1 Rh8 14. h3 Bxh3 15. gxh3 Rxh3+ 16. Kg2 Qh8 17. d4 Rh2+ 18. Kf3 Qh5+ 19. Ke3 Qxg5+ 20. Kd3 exd4 21. Nd2 dxc3 22. Kxc3 Bd4+ 23. Kc2 Bxa1 24. Nf3 Qf4 25. Rg1+ Kf8 0-1

[Event "COL-ch blitz (Women)"]
[Site "Quibdo"]
[Date "2015.11.08"]
[Round "16"]
[White "Hernandez Fonseca, Maria Paula"]
[Black "Santos Morales, Natalia Andrea"]
[Result "1-0"]
[WhiteElo "1933"]
[BlackElo "2024"]
[PlyCount "119"]
[EventDate "2015.11.08"]
[EventType "swiss (blitz)"]
[EventRounds "18"]
[EventCountry "COL"]
[SourceTitle "CBM 169 Extra"]
[Source "ChessBase"]
[SourceDate "2015.12.18"]
[SourceVersion "1"]
[SourceVersionDate "2015.12.18"]
[SourceQuality "1"]

1. e4 e5 2. Nf3 Nc6 3. d4 exd4 4. Nxd4 Bc5 5. Nb3 Bb6 6. Nc3 Qf6 7. Qe2 Nge7 8. Be3 0-0 9. 0-0-0 d6 10. f3 Be6 11. Kb1 Rfd8 12. Nd5 Bxd5 13. exd5 Ne5 14. h4 c6 15. Bg5 Qf5 16. Bxe7 Re8 17. Bxd6 Ng6 18. Qd3 Qf6 19. Bg3 cxd5 20. h5 Nf4 21. Bxf4 Qxf4 22. g3 Qf6 23. Bh3 Re3 24. Qxd5 Rxf3 25. Rhf1 Rxf1 26. Rxf1 Qe7 27. a3 Rd8 28. Qf3 a5 29. g4 a4 30. Nc1 Bd4 31. Nd3 h6 32. Re1 Qc7 33. Qe4 Bf6 34. Bg2 b5 35. Qc6 Qg3 36. Bd5 Qxg4 37. Qxb5 Qd4 38. Be4 Rc8 39. Bf5 Rf8 40. Re8 Qd6 41. Rxf8+ Kxf8 42. Qb4 Ke7 43. Qxd6+ Kxd6 44. Kc1 Bg5+ 45. Kd1 Ke7 46. Ke2 Kf6 47. Be4 g6 48. hxg6 fxg6 49. Bc6 Kf5 50. Bxa4 h5 51. Bc6 Bd8 52. a4 h4 53. Kf3 g5 54. Nf2 Bb6 55. c3 Bc7 56. Ng4 h3 57. b4 h2 58. Nf2 g4+ 59. Kg2 Bb6 60. Bd7+ 1-0

[Event "COL-ch blitz (Women)"]
[Site "Quibdo"]
[Date "2015.11.08"]
[Round "7"]
[White "Rojas Castillo, Andrea Lizeth"]
[Black "Santos Morales, Natalia Andrea"]
[Result "0-1"]
[WhiteElo "1819"]
[BlackElo "2024"]
[PlyCount "72"]
[EventDate "2015.11.08"]
[EventType "swiss (blitz)"]
[EventRounds "18"]
[EventCountry "COL"]
[SourceTitle "CBM 169 Extra"]
[Source "ChessBase"]
[SourceDate "2015.12.18"]
[SourceVersion "1"]
[SourceVersionDate "2015.12.18"]
[SourceQuality "1"]

1. d4 Nf6 2. Bf4 g6 3. e3 Bg7 4. h3 0-0 5. Nf3 c5 6. c4 d5 7. Nc3 cxd4 8. Nxd4 a6 9. Be2 dxc4 10. Bxc4 b5 11. Bb3 Bb7 12. 0-0 Nh5 13. Bh2 e6 14. Nf3 Qb6 15. Qc2 Nc6 16. Rad1 Nb4 17. Qe2 Rfd8 18. a3 Nd5 19. Nxd5 Bxd5 20. Bxd5 exd5 21. Nd4 Rac8 22. b3 Rc3 23. Rd3 Rdc8 24. Rxc3 Rxc3 25. Qd2 Qc5 26. Rb1 Nf6 27. Be5 Ne4 28. Qd1 Bxe5 29. b4 Qc8 30. Nf3 Bg7 31. Qxd5 Rc1+ 32. Rxc1 Qxc1+ 33. Kh2 Nxf2 34. Qd8+ Bf8 35. Qf6 Qh1+ 36. Kg3 Ne4+ 0-1

[Event "COL-ch blitz (Women)"]
[Site "Quibdo"]
[Date "2015.11.08"]
[Round "15"]
[White "Santos Morales, Natalia Andrea"]
[Black "Hernandez Fonseca, Maria Paula"]
[Result "1/2-1/2"]
[WhiteElo "2024"]
[BlackElo "1933"]
[PlyCount "70"]
[EventDate "2015.11.08"]
[EventType "swiss (blitz)"]
[EventRounds "18"]
[EventCountry "COL"]
[SourceTitle "CBM 169 Extra"]
[Source "ChessBase"]
[SourceDate "2015.12.18"]
[SourceVersion "1"]
[SourceVersionDate "2015.12.18"]
[SourceQuality "1"]

1. e4 c5 2. Nf3 Nc6 3. d4 cxd4 4. Nxd4 Qb6 5. Nxc6 bxc6 6. Be2 Nf6 7. Nc3 e5 8. a3 Bb7 9. 0-0 Be7 10. Rb1 d5 11. exd5 cxd5 12. Bb5+ Bc6 13. Bxc6+ Qxc6 14. Re1 d4 15. Na2 Qd5 16. Nb4 Bxb4 17. axb4 0-0 18. Bg5 Nd7 19. Qg4 f5 20. Qg3 f4 21. Qg4 Nf6 22. Qf5 Rae8 23. Rbd1 g6 24. Qh3 Nh5 25. Bh6 Rf7 26. c3 d3 27. Rxd3 Qb3 28. Rd7 Ng7 29. Rxf7 Qxf7 30. Bxg7 Kxg7 31. Rd1 Qf5 32. Qxf5 gxf5 33. Rd7+ Kg6 34. Rxa7 Rd8 35. h3 Rd1+ 1/2-1/2

[Event "Bogota Navidad op"]
[Site "Bogota"]
[Date "2014.12.06"]
[Round "5"]
[White "Santos Morales, Natalia Andrea"]
[Black "Valdes, Nicolas"]
[Result "0-1"]
[WhiteElo "2069"]
[BlackElo "2005"]
[PlyCount "72"]
[EventDate "2014.12.04"]
[EventType "swiss"]
[EventRounds "9"]
[EventCountry "COL"]
[SourceTitle "CBM 163 Extra"]
[Source "ChessBase"]
[SourceDate "2014.12.23"]
[SourceVersion "1"]
[SourceVersionDate "2014.12.23"]
[SourceQuality "1"]

1. e4 Nc6 2. d4 e5 3. d5 Nce7 4. Bg5 Nf6 5. Bxf6 gxf6 6. d6 Ng6 7. Nc3 Bxd6 8. Qf3 c6 9. 0-0-0 Bb4 10. Bc4 b5 11. Bb3 a5 12. a3 a4 13. Ba2 Bc5 14. h4 h5 15. Nge2 d6 16. Rd2 b4 17. axb4 Bxb4 18. Qd3 Ba6 19. Bc4 Bxc4 20. Qxc4 Qb6 21. Rd3 a3 22. Na2 axb2+ 23. Kb1 Bc5 24. Rb3 Qa7 25. Rxb2 0-0 26. Rh3 Rfb8 27. Rxb8+ Rxb8+ 28. Rb3 Ra8 29. Rg3 Kg7 30. f4 Rb8+ 31. Rb3 exf4 32. Nb4 Qa4 33. Nd4 Rxb4 34. Rxb4 Qxb4+ 35. Qxb4 Bxb4 36. Nxc6 Bc5 0-1

[Event "Bogota Navidad op"]
[Site "Bogota"]
[Date "2014.12.05"]
[Round "4"]
[White "Mosquera Klinger, Miguel Alonso"]
[Black "Santos Morales, Natalia Andrea"]
[Result "1-0"]
[WhiteElo "2369"]
[BlackElo "2069"]
[PlyCount "39"]
[EventDate "2014.12.04"]
[EventType "swiss"]
[EventRounds "9"]
[EventCountry "COL"]
[SourceTitle "CBM 163 Extra"]
[Source "ChessBase"]
[SourceDate "2014.12.23"]
[SourceVersion "1"]
[SourceVersionDate "2014.12.23"]
[SourceQuality "1"]

1. e4 e5 2. Nf3 Nc6 3. Bb5 a6 4. Ba4 Nf6 5. d4 exd4 6. 0-0 Be7 7. e5 Ne4 8. Nxd4 Nc5 9. Nf5 0-0 10. Qg4 Ne6 11. Re1 g6 12. Nc3 h5 13. Qg3 Ncd4 14. Nxe7+ Qxe7 15. Nd5 Qd8 16. Nf6+ Kh8 17. c3 Nf5 18. Qh3 Nfg7 19. Bc2 d6 20. Qe3 1-0

[Event "Bogota McGregor op 4th"]
[Site "Bogota"]
[Date "2013.12.08"]
[Round "8"]
[White "Ortegon Villacorte, Linda Daniela"]
[Black "Santos Morales, Natalia Andrea"]
[Result "1-0"]
[WhiteElo "1868"]
[BlackElo "2081"]
[PlyCount "38"]
[EventDate "2013.12.04"]
[EventType "swiss"]
[EventRounds "9"]
[EventCountry "COL"]
[SourceTitle "CBM 157 Extra"]
[Source "ChessBase"]
[SourceDate "2013.12.19"]
[SourceVersion "1"]
[SourceVersionDate "2013.12.19"]
[SourceQuality "1"]

1. e4 e5 2. Nf3 Nc6 3. Nc3 Nf6 4. d4 exd4 5. Nxd4 Bc5 6. Nxc6 bxc6 7. Bd3 0-0 8. 0-0 d5 9. exd5 cxd5 10. h3 h6 11. Qf3 Rb8 12. Bf4 Be6 13. Rad1 Bd6 14. b3 c6 15. Ne2 Bxf4 16. Nxf4 Qa5 17. Rfe1 Rfe8 18. Nxe6 Rxe6 19. Rxe6 fxe6 1-0

[Event "Bogota LAB"]
[Site "Bogota"]
[Date "2012.12.20"]
[Round "7"]
[White "Santos Morales, Natalia Andrea"]
[Black "Suasnabar, Jesus"]
[Result "1-0"]
[WhiteElo "2017"]
[BlackElo "2077"]
[PlyCount "75"]
[EventDate "2012.12.17"]
[EventType "tourn"]
[EventRounds "9"]
[EventCountry "COL"]
[SourceTitle "CBM 152 Extra"]
[Source "ChessBase"]
[SourceDate "2013.02.25"]
[SourceVersion "1"]
[SourceVersionDate "2013.02.25"]
[SourceQuality "1"]

1. e4 c5 2. Nf3 Nc6 3. d4 cxd4 4. Nxd4 Qb6 5. Nb5 a6 6. Be3 Qa5+ 7. N5c3 e6 8. Be2 Nf6 9. 0-0 Qc7 10. f4 d6 11. a4 b6 12. Na3 Be7 13. Kh1 0-0 14. Nc4 Nd7 15. Qd2 Nc5 16. Rf3 Rb8 17. f5 b5 18. axb5 axb5 19. f6 bxc4 20. fxe7 Qxe7 21. Rg3 Ne5 22. Qd4 f6 23. Bxc4 Nc6 24. Qd1 Rxb2 25. Bh6 Rf7 26. Nd5 Qb7 27. Nxf6+ Kh8 28. Qh5 Rb1+ 29. Bf1 gxf6 30. Bg7+ Kg8 31. Bxf6+ Kf8 32. Qg5 Ke8 33. Qh5 Ne7 34. Rg7 Rxa1 35. Qxf7+ Kd7 36. Qxe7+ Kc6 37. Qxb7+ Bxb7 38. Bxa1 1-0

[Event "Bogota McGregor op 3rd"]
[Site "Bogota"]
[Date "2012.12.16"]
[Round "9"]
[White "Principe, Alexander"]
[Black "Santos Morales, Natalia Andrea"]
[Result "1-0"]
[WhiteElo "2262"]
[BlackElo "2017"]
[PlyCount "111"]
[EventDate "2012.12.12"]
[EventType "swiss"]
[EventRounds "9"]
[EventCountry "COL"]
[SourceTitle "EXT 2014"]
[Source "ChessBase"]
[SourceDate "2013.11.20"]
[SourceVersion "1"]
[SourceVersionDate "2013.11.20"]
[SourceQuality "1"]

1. e4 e5 2. Nf3 Nc6 3. d4 exd4 4. Nxd4 Bc5 5. Be3 Qf6 6. c3 Nge7 7. Bc4 Ne5 8. Be2 d6 9. 0-0 0-0 10. f4 N5c6 11. Qd2 a6 12. Na3 Ba7 13. Nac2 d5 14. e5 Qg6 15. Bd3 f5 16. a4 Nd8 17. b4 Ne6 18. Nxe6 Bxe3+ 19. Qxe3 Qxe6 20. Nd4 Qg6 21. c4 Be6 22. c5 c6 23. Rf2 h6 24. Rb1 Bc8 25. Kh1 Qf7 26. h3 Kh8 27. Rg1 Be6 28. Qe2 Ng6 29. Qc2 Rae8 30. g3 Ne7 31. Qd2 Bc8 32. b5 axb5 33. axb5 Qh5 34. Kh2 cxb5 35. Nxb5 Bd7 36. Nd6 Rb8 37. Be2 Qg6 38. Rb1 Bc6 39. Bf3 Qe6 40. Qd4 g5 41. Rg2 Kh7 42. Rbg1 Qg6 43. Bd1 Nc8 44. Bc2 Nxd6 45. cxd6 g4 46. h4 b5 47. Rb1 Qe6 48. Rd2 Rfc8 49. Bb3 Kg7 50. Kg2 b4 51. Kf2 Kf7 52. Rbb2 Rb7 53. Rbc2 Ke8 54. Rxc6 Rxc6 55. Ba4 Qd7 56. Qxd5 1-0

[Event "Bogota McGregor op 3rd"]
[Site "Bogota"]
[Date "2012.12.14"]
[Round "5"]
[White "Rivera Dussan, Camilo Ernesto"]
[Black "Santos Morales, Natalia Andrea"]
[Result "1/2-1/2"]
[WhiteElo "1875"]
[BlackElo "2017"]
[PlyCount "64"]
[EventDate "2012.12.12"]
[EventType "swiss"]
[EventRounds "9"]
[EventCountry "COL"]
[SourceTitle "EXT 2014"]
[Source "ChessBase"]
[SourceDate "2013.11.20"]
[SourceVersion "1"]
[SourceVersionDate "2013.11.20"]
[SourceQuality "1"]

1. d4 Nf6 2. Nf3 g6 3. c4 Bg7 4. Nc3 0-0 5. e4 d6 6. Be2 Bg4 7. 0-0 Nfd7 8. Ne1 Bxe2 9. Nxe2 Nc6 10. Be3 e5 11. d5 Ne7 12. Nd3 f5 13. f3 f4 14. Bf2 g5 15. c5 dxc5 16. Nxc5 Nxc5 17. Bxc5 b6 18. Bf2 Rf6 19. Rc1 c6 20. dxc6 Rxc6 21. Qb3+ Kh8 22. Rxc6 Nxc6 23. Rd1 Qe7 24. Qa4 Rd8 25. Nc3 Rxd1+ 26. Qxd1 Nd4 27. Qa4 h6 28. h3 Kh7 29. Qc4 Qd7 30. Nd5 Kg6 31. Be1 Bf8 32. b4 b5 1/2-1/2

[Event "Bogota McGregor op 3rd"]
[Site "Bogota"]
[Date "2012.12.14"]
[Round "4"]
[White "Santos Morales, Natalia Andrea"]
[Black "Munoz, Julian Andres"]
[Result "0-1"]
[WhiteElo "2017"]
[BlackElo "2191"]
[PlyCount "72"]
[EventDate "2012.12.12"]
[EventType "swiss"]
[EventRounds "9"]
[EventCountry "COL"]
[SourceTitle "EXT 2014"]
[Source "ChessBase"]
[SourceDate "2013.11.20"]
[SourceVersion "1"]
[SourceVersionDate "2013.11.20"]
[SourceQuality "1"]

1. e4 c5 2. Nf3 Nc6 3. d4 cxd4 4. Nxd4 Nf6 5. Nc3 e5 6. Ndb5 d6 7. Bg5 a6 8. Na3 Be6 9. Bxf6 Qxf6 10. Nd5 Bxd5 11. Qxd5 Be7 12. c3 0-0 13. Nc4 Kh8 14. Be2 Qg6 15. 0-0 f5 16. exf5 Qxf5 17. Nxd6 Bxd6 18. Qxd6 Rad8 19. Qc5 Rd2 20. Bf3 Rxb2 21. Bxc6 bxc6 22. Rae1 Rxa2 23. Rxe5 Qf6 24. f3 h6 25. Rfe1 Rxg2+ 26. Kxg2 Qxf3+ 27. Kg1 Rf4 28. R5e4 Qg4+ 29. Kh1 Qf3+ 30. Kg1 Rxe4 31. Rxe4 Qxe4 32. Qa3 Qg4+ 33. Kf2 Qf4+ 34. Kg1 Qg5+ 35. Kf2 Qf5+ 36. Kg1 a5 0-1

[Event "Bogota McGregor op 3rd"]
[Site "Bogota"]
[Date "2012.12.13"]
[Round "3"]
[White "Gonzalez Lopez, Nicolas Mateo"]
[Black "Santos Morales, Natalia Andrea"]
[Result "0-1"]
[WhiteElo "1824"]
[BlackElo "2017"]
[PlyCount "70"]
[EventDate "2012.12.12"]
[EventType "swiss"]
[EventRounds "9"]
[EventCountry "COL"]
[SourceTitle "EXT 2014"]
[Source "ChessBase"]
[SourceDate "2013.11.20"]
[SourceVersion "1"]
[SourceVersionDate "2013.11.20"]
[SourceQuality "1"]

1. e4 e5 2. Nf3 Nc6 3. Bb5 a6 4. Ba4 Nf6 5. 0-0 Be7 6. Re1 b5 7. Bb3 d6 8. c3 Na5 9. Bc2 c5 10. d4 Qc7 11. h3 cxd4 12. cxd4 0-0 13. Nbd2 Bd7 14. Nf1 Rac8 15. Ne3 Rfe8 16. d5 g6 17. Kh2 Nh5 18. g4 Nf4 19. Rg1 Qb6 20. Qe1 Rc7 21. Bd2 Nb7 22. b4 Rec8 23. Bb3 Ra8 24. a3 Rac8 25. Rb1 Qa7 26. Kg3 a5 27. Ra1 Nd3 28. Qb1 Nf4 29. Qe1 a4 30. Ba2 Kf8 31. Nh2 Qd4 32. f3 h5 33. Nhf1 Rc2 34. Bb1 Rxd2 35. Qxd2 Qxa1 0-1

[Event "Bogota Humana op"]
[Site "Bogota"]
[Date "2012.12.09"]
[Round "9"]
[White "Santos Morales, Natalia Andrea"]
[Black "Vittorino, Carlo Giovanni"]
[Result "1/2-1/2"]
[WhiteElo "2017"]
[BlackElo "2306"]
[PlyCount "93"]
[EventDate "2012.12.05"]
[EventType "swiss"]
[EventRounds "9"]
[EventCountry "COL"]
[SourceTitle "EXT 2014"]
[Source "ChessBase"]
[SourceDate "2013.11.20"]
[SourceVersion "1"]
[SourceVersionDate "2013.11.20"]
[SourceQuality "1"]

1. e4 c5 2. Nf3 Nc6 3. d4 cxd4 4. Nxd4 Nf6 5. Nc3 e6 6. Ndb5 d6 7. a4 a6 8. Nd4 Be7 9. Be2 0-0 10. 0-0 e5 11. Nb3 Be6 12. f4 Nb4 13. Kh1 Rc8 14. Be3 Nxe4 15. Nxe4 Nxc2 16. Qd3 f5 17. Nec5 dxc5 18. Qxc2 c4 19. Nd2 Qc7 20. a5 c3 21. Bb6 Qc6 22. Nf3 Qe4 23. Rac1 cxb2 24. Qxb2 Rxc1 25. Rxc1 Qxf4 26. Rf1 e4 27. Nd4 Qe5 28. Bc7 Qf6 29. Qb6 Bc8 30. Bc4+ Kh8 31. Qxf6 Rxf6 32. Be5 Rf8 33. Be6 e3 34. h3 Bxe6 35. Nxe6 Rf7 36. Nxg7 Bf6 37. Bxf6 Rxf6 38. Nh5 Re6 39. Rxf5 Kg8 40. Rf1 Re5 41. Nf6+ Kg7 42. Ng4 Rxa5 43. Nxe3 b5 44. Rf4 Ra1+ 45. Kh2 a5 46. Rf5 b4 47. Rb5 1/2-1/2

[Event "Bogota Humana op"]
[Site "Bogota"]
[Date "2012.12.05"]
[Round "1"]
[White "Santos Morales, Natalia Andrea"]
[Black "Ortegon Villacorte, Linda Daniela"]
[Result "0-1"]
[WhiteElo "2017"]
[BlackElo "1837"]
[PlyCount "52"]
[EventDate "2012.12.05"]
[EventType "swiss"]
[EventRounds "9"]
[EventCountry "COL"]
[SourceTitle "EXT 2014"]
[Source "ChessBase"]
[SourceDate "2013.11.20"]
[SourceVersion "1"]
[SourceVersionDate "2013.11.20"]
[SourceQuality "1"]

1. e4 e6 2. d4 d5 3. Nd2 Nf6 4. e5 Nfd7 5. f4 c5 6. c3 b6 7. Ndf3 Ba6 8. Bxa6 Nxa6 9. Ng5 cxd4 10. cxd4 h6 11. Nxe6 Bb4+ 12. Kf1 fxe6 13. a3 Be7 14. Qg4 Nf8 15. Qxg7 Rh7 16. Qg4 Qc8 17. Qh5+ Kd7 18. f5 Qc4+ 19. Ne2 Qd3 20. f6 Bd8 21. Bxh6 Rc8 22. Qg4 Ng6 23. Bg5 Rc4 24. h4 Nxe5 25. Qh3 Rxd4 26. Qxd3 Rxd3 0-1

[Event "Pamplona IRT blitz op (Women)"]
[Site "Pamplona"]
[Date "2012.11.04"]
[Round "7.5"]
[White "Franco Valencia, Beatriz Irene"]
[Black "Santos Morales, Natalia Andrea"]
[Result "1-0"]
[WhiteElo "2213"]
[BlackElo "1997"]
[PlyCount "105"]
[EventDate "2012.11.04"]
[EventType "swiss (blitz)"]
[EventRounds "18"]
[EventCountry "COL"]
[SourceTitle "EXT 2024"]
[Source "ChessBase"]
[SourceDate "2023.10.10"]
[SourceVersion "1"]
[SourceVersionDate "2023.10.10"]
[SourceQuality "1"]

1. c4 Nf6 2. Nc3 g6 3. g3 Bg7 4. Bg2 0-0 5. Rb1 d6 6. d3 Nc6 7. b4 a6 8. e3 Re8 9. Nge2 Nd7 10. 0-0 Nde5 11. f4 Ng4 12. h3 Nh6 13. a4 e5 14. b5 axb5 15. axb5 Nb8 16. Qb3 Nd7 17. d4 exd4 18. exd4 Nf5 19. Qd1 Nb6 20. c5 Nc4 21. Rf3 dxc5 22. Qb3 cxd4 23. Qxc4 dxc3 24. Nxc3 Re1+ 25. Rf1 Rxf1+ 26. Bxf1 Nxg3 27. Be3 Bxc3 28. Qxc3 Bxh3 29. Bc4 Ne4 30. Qe5 Bf5 31. Bd4 Kf8 32. Rd1 b6 33. Bc5+ Kg8 34. Rxd8+ Rxd8 35. Bd4 Kf8 36. Qh8+ Ke7 37. Bb2 Rd1+ 38. Kg2 Rd2+ 39. Kf1 Bh3+ 40. Ke1 f6 41. Ba3+ Nc5 42. Qxh7+ Kd6 43. Bxc5+ Kxc5 44. Qxc7+ Kb4 45. Be2 Rb2 46. Qc4+ Ka3 47. Qc3+ Rb3 48. Qxf6 Bf5 49. Qxb6 Rb1+ 50. Kf2 Rb2 51. Qa6+ Kb4 52. b6 Rd2 53. b7 1-0

[Event "Pamplona IRT blitz op (Women)"]
[Site "Pamplona"]
[Date "2012.11.04"]
[Round "14.5"]
[White "Pachon Gutierrez, Adriana Paola"]
[Black "Santos Morales, Natalia Andrea"]
[Result "0-1"]
[WhiteElo "2079"]
[BlackElo "1997"]
[PlyCount "78"]
[EventDate "2012.11.04"]
[EventType "swiss (blitz)"]
[EventRounds "18"]
[EventCountry "COL"]
[SourceTitle "EXT 2024"]
[Source "ChessBase"]
[SourceDate "2023.10.10"]
[SourceVersion "1"]
[SourceVersionDate "2023.10.10"]
[SourceQuality "1"]

1. e4 e5 2. Nf3 Nc6 3. Bc4 Bc5 4. c3 Nf6 5. d3 h6 6. Nbd2 d6 7. 0-0 0-0 8. h3 Be6 9. Bb3 a6 10. Re1 Re8 11. Bc2 d5 12. exd5 Bxd5 13. Ne4 Bb6 14. Qe2 Qe7 15. a4 Rad8 16. b4 Nxe4 17. dxe4 Be6 18. Bb2 f6 19. Rad1 Rd6 20. Rxd6 cxd6 21. Rd1 Rd8 22. b5 axb5 23. Qxb5 Ba7 24. Ba3 Qc7 25. Bb3 Bxb3 26. Qxb3+ Kh7 27. Rd5 Ne7 28. Rb5 Rd7 29. c4 Nc6 30. Bb2 Na5 31. Qb4 Nxc4 32. Bc3 Qc6 33. Rd5 Bc5 34. Qb3 Nb6 35. Rd1 Nxa4 36. Be1 b5 37. Kh2 Rb7 38. Qd3 b4 39. Nh4 Nb2 0-1

[Event "Pamplona IRT blitz op (Women)"]
[Site "Pamplona"]
[Date "2012.11.04"]
[Round "8.5"]
[White "Santos Morales, Natalia Andrea"]
[Black "Franco Valencia, Beatriz Irene"]
[Result "0-1"]
[WhiteElo "1997"]
[BlackElo "2213"]
[PlyCount "134"]
[EventDate "2012.11.04"]
[EventType "swiss (blitz)"]
[EventRounds "18"]
[EventCountry "COL"]
[SourceTitle "EXT 2024"]
[Source "ChessBase"]
[SourceDate "2023.10.10"]
[SourceVersion "1"]
[SourceVersionDate "2023.10.10"]
[SourceQuality "1"]

1. e4 c6 2. d4 d5 3. exd5 cxd5 4. Bd3 Nc6 5. c3 g6 6. h3 Nh6 7. Nf3 f6 8. 0-0 Nf7 9. Re1 Bg7 10. Bf4 0-0 11. Qd2 e5 12. dxe5 fxe5 13. Bg5 Nxg5 14. Nxg5 h6 15. Nf3 e4 16. Bxe4 dxe4 17. Rxe4 Qxd2 18. Nbxd2 Bf5 19. Re3 Rad8 20. Nb3 Rfe8 21. Rae1 Kf7 22. g4 Bc8 23. Nc5 b6 24. Ne4 Kf8 25. Nfd2 Ne5 26. f4 Nf7 27. Nc4 Ba6 28. Ncd2 Rd3 29. Kf2 Red8 30. c4 Rxd2+ 31. Nxd2 Rxd2+ 32. Kf3 Bd4 33. Re6 Bxc4 34. Rxg6 Rd3+ 35. Kg2 Bd5+ 36. Kf1 Rd2 37. Rc1 Bc5 38. a3 Rxb2 39. g5 Rf2+ 40. Ke1 Rxf4 41. gxh6 Rh4 42. Rd1 Be4 43. Rf6 Rxh6 44. Rf4 Bc6 45. Rd3 Re6+ 46. Kd2 Ke7 47. h4 Ne5 48. Rg3 Rg6 49. Rxg6 Nxg6 50. Rg4 Kf6 51. h5 Ne5 52. Rg3 Nf7 53. Kc3 Bd5 54. a4 Be4 55. Rg4 Bf5 56. Rg3 Bd6 57. Rg1 Be5+ 58. Kb3 Bf4 59. Kb4 Bd7 60. Kb3 Bg5 61. Kb4 Bc6 62. a5 bxa5+ 63. Kxa5 Bf3 64. Rf1 Ne5 65. Ka6 Be3 66. Ka5 Kg5 67. Re1 Bd2+ 0-1

[Event "Pamplona IRT blitz op (Women)"]
[Site "Pamplona"]
[Date "2012.11.04"]
[Round "6.5"]
[White "Santos Morales, Natalia Andrea"]
[Black "Salcedo, Jackeline"]
[Result "0-1"]
[WhiteElo "1997"]
[BlackElo "2092"]
[PlyCount "112"]
[EventDate "2012.11.04"]
[EventType "swiss (blitz)"]
[EventRounds "18"]
[EventCountry "COL"]
[SourceTitle "EXT 2024"]
[Source "ChessBase"]
[SourceDate "2023.10.10"]
[SourceVersion "1"]
[SourceVersionDate "2023.10.10"]
[SourceQuality "1"]

1. e4 c6 2. d4 d5 3. exd5 cxd5 4. Bd3 Nc6 5. c3 Nf6 6. Ne2 e6 7. 0-0 Bd6 8. Re1 Qc7 9. h3 h6 10. Be3 0-0 11. Qd2 Re8 12. a4 Bf8 13. Na3 a6 14. Bf4 Qd7 15. Rad1 b6 16. Bb1 Bb7 17. Nc2 Na5 18. Ne3 Qxa4 19. Qd3 g6 20. Ng4 Nxg4 21. hxg4 Qd7 22. Qh3 Kh7 23. Bxh6 Bxh6 24. g5 Rh8 25. Nf4 Kg8 26. gxh6 Nc4 27. b3 Nd6 28. g3 Nf5 29. Kg2 Rxh6 30. Qg4 Kf8 31. Rh1 Rxh1 32. Rxh1 Ke7 33. Re1 Kd6 34. Nd3 Kc7 35. Ne5 Qe7 36. c4 Rd8 37. Kf1 Kb8 38. Bxf5 gxf5 39. Qf4 Ka7 40. b4 dxc4 41. b5 a5 42. Nxc4 Qb4 43. Ne5 Qxb5+ 44. Kg1 Qd5 45. f3 Qa2 46. Nxf7 Rf8 47. Nd6 Rh8 48. Nb5+ Ka6 49. Nc3 Qh2+ 50. Kf1 Qh1+ 51. Ke2 Rh2+ 52. Kd1 Qg2 53. Ne2 Rh8 54. Qc7 Rc8 55. Qe7 Qxf3 56. Qxe6 Qd3# 0-1